Los pájaros perdidos : poemas de amor /

Guardado en:
Autor Principal: Trejo, Mario
Otros Autores: Saccomano, Guillermo; int.
Formato: Libro
Publicado: Buenos Aires : Continente, 2014
Series:Colección Juan Gelman
Materias:
Etiquetas: Agregar Etiqueta
Sin Etiquetas, Sea el primero en etiquetar este registro!
LEADER 00926nam a22002775a 4500
001 CEM.cems014862
008 130507s2014##################000#0#####d
005 20220214185828.0
003 CEMS
245 1 0 |a Los pájaros perdidos :  |b poemas de amor /  |c Mario Trejo; introducción de Guillermo Saccomano 
260 |a Buenos Aires :  |b Continente,  |c 2014 
300 |a 64 p. 
490 0 |a Colección Juan Gelman 
500 |a Edición especial del Ministerio de Educación de la Nación 
020 |a 9789507544804 
100 1 |a Trejo, Mario 
700 1 |a Saccomano, Guillermo; int. 
082 0 4 |a A861.4 
653 |a Literatura 
653 |a Literatura argentina 
653 |a Poesía 
653 |a Poesía argentina 
653 |a Biblioteca Juan Gelman 
653 |a Colección Juan Gelman 
859 |a CEMS  |b BIB. CEMS - 11 de abril  |h A861.4  |i T717  |p 27473.18  |t Ej.1 
859 |a CEMS  |b BIB. CEMS - Agricultura  |h A861.4  |i T718  |p A2318.15  |t Ej.1